000 00534pam a2200193 a 4500
020 _a0340808195
_c2537.50
041 _aeng
_hNULL
082 _a617
_bRUS
100 _aRUSSELL, R .
245 _aBAILEY & LOVE`S SHORT PRACTICE OF SURGERY /
_cNULL.
_hTextual Documents
250 _a24 /
_b.
260 _aNULL :
_bHODDER ARNOLD ,
_c2004.
300 _a1522 ;
_cA4.
365 _a2537.50
_e9
907 _a0776
_a0777
_a0778
_a0780
_a0781
_a0782
_a0783
_a0784
_a0779
930 _a153
999 _c794689
_d794689
650 _aSURGERY